Statistics for British and American Word Differences

Click here to take the quiz!

General Stats

  • This quiz has been taken 36,995 times
  • The average score is 10 of 22

Answer Stats

American meaning British meaning Word % Correct
GridironSoccerFootball
93%
TrousersUnderwearPants
81%
CondomEraserRubber
79%
Fruit preserveGelatinJelly
66%
Vegetable patchYardGarden
64%
[]()Brackets
61%
Old West barTwo-doored CarSaloon
59%
AngryDrunkPissed
58%
Car silencerScarfMuffler
55%
Leather cowboy
leggings
GuysChaps
50%
HoboBottomBum
49%
Road surfaceSidewalkPavement
47%
Underground railroadPedestrian underpassSubway
46%
16 fluid ounces20 fluid ouncesPint
41%
VomitCar storage
compartment
Boot
37%
PancakeGranola barFlapjack
31%
To catch a fly ball
in baseball
To copulateShag
19%
Derogatory term for
an old person
GangsterGeezer
18%
SalespersonType of lawyerSolicitor
18%
JanitorGoalkeeperCustodian
17%
UglyCozyHomely
8%
Non-payer of debtsExhaustedDeadbeat
6%

Score Distribution

Percentile by Number Answered

Percent of People with Each Score

Your Score History

You have not taken this quiz